Capitales de l’Europe (mode cauchemardesque) - Statistiques

Statistiques générales
  • Ce quiz a été pris 42 fois
  • Le résultat moyen est 23 sur 47
Statistiques - réponses
Hint Réponse % Correct
Ital Rome
69%
Norvè Oslo
66%
Grè Athènes
63%
Danema Copenhague
63%
Luxembou Luxembourg
63%
Royaume-U Londres
60%
Espag Madrid
60%
Russ Moscou
60%
Andor Andorre-la-Vieille
57%
Allemag Berlin
57%
Irlan Dublin
57%
Polog Varsovie
57%
Suis Berne
54%
Belgiq Bruxelles
54%
Rouman Bucarest
54%
Finlan Helsinki
54%
Croat Zagreb
54%
Turqu Ankara
51%
Hongr Budapest
51%
Ukrai Kyiv
51%
Portug Lisbonne
51%
République tchèq Prague
51%
Islan Reykjavik
51%
Suè Stockholm
51%
Autric Vienne
51%
Slovén Ljubljana
49%
Biéloruss Minsk
49%
Fran Paris
49%
Macédoine du No Skopje
49%
Vatic Cité du Vatican
46%
Alban Tirana
46%
Lituan Vilnius
46%
Pays-B Amsterdam
43%
Moldav Chișinău
43%
Mal La Valette
43%
Mona Monaco
43%
Bulgar Sofia
43%
Serb Belgrade
40%
Chyp Nicosie
40%
Monténég Podgorica
40%
Letton Riga
40%
Saint-Mar Saint-Marin
40%
Bosnie-Herzégovi Sarajevo
40%
Liechtenste Vaduz
40%
Slovaqu Bratislava
37%
Eston Tallinn
31%
Koso Pristina
29%
Aucun quiz correspondant
Distribution des résultats
% des personnes avec chaque résultat
Percentile par nombre de réponses
Votre historique - résultats
Vous n’avez pas pris ce quiz